|
|
|
|
| LEADER |
00000nam0a2200000 4500 |
| 001 |
182197 |
| 005 |
20231031171236.0 |
| 035 |
|
|
|a (RuTPU)RU\TPU\book\197487
|
| 090 |
|
|
|a 182197
|
| 100 |
|
|
|a 20100617d1970 km y0rusy50 ca
|
| 101 |
1 |
|
|a rus
|c eng
|
| 102 |
|
|
|a RU
|
| 105 |
|
|
|a a z 000zy
|
| 200 |
1 |
|
|a Фосфорные удобрения
|e сборник рефератов патентов США
|f Ленинградский государственный научно-исследовательский и проектный институт основной химической промышленности (ЛенНИИГипрохим) ; под ред. Н. Д. Суходолеца
|
| 210 |
|
|
|a Ленинград
|c Изд-во Ленингипрохима
|d 1970
|
| 215 |
|
|
|a 229 с.
|c ил.
|
| 610 |
1 |
|
|a изобретения
|
| 610 |
1 |
|
|a патенты
|
| 610 |
1 |
|
|a США
|
| 610 |
1 |
|
|a удобрения
|
| 610 |
1 |
|
|a фосфор
|
| 610 |
1 |
|
|a фосфорные удобрения
|
| 675 |
|
|
|a 661.6(048)
|v 3
|
| 675 |
|
|
|a 608.3:66(048)
|v 3
|
| 702 |
|
1 |
|a Суходолец
|b Н. Д.
|4 340
|
| 712 |
0 |
2 |
|a Ленинградский государственный научно-исследовательский и проектный институт основной химической промышленности (ЛенНИИГипрохим)
|2 stltpush
|3 (RuTPU)RU\TPU\col\7920
|
| 801 |
|
1 |
|a RU
|b 63413507
|c 20100617
|
| 801 |
|
2 |
|a RU
|b 63413507
|c 20160603
|g RCR
|
| 942 |
|
|
|c BK
|